[Event "Centrocoop June op-B"]
[Site "Eforie Nord"]
[Date "1998.??.??"]
[Round "?"]
[White "Manu, Alina"]
[Black "Tzyganova, Serafima"]
[Result "1-0"]
[WhiteElo "2035"]
[BlackElo "1650"]
[PlyCount "105"]
[EventDate "1998.06.??"]
[EventType "swiss"]
[EventRounds "11"]
[EventCountry "ROU"]
[SourceTitle "EXT 2000"]
[Source "ChessBase"]
[SourceDate "1999.11.16"]
[SourceVersion "1"]
[SourceVersionDate "1999.11.16"]
[SourceQuality "1"]

1. e4 e5 2. Nf3 Nc6 3. Bc4 Nf6 4. d3 d6 5. Ng5 d5 6. exd5 b5 7. Bxb5 Qxd5 8. Bxc6+ Qxc6 9. 0-0 Bb7 10. f3 Bc5+ 11. Kh1 0-0 12. Qe2 Rfe8 13. Nc3 Nh5 14. Qe4 Qh6 15. Qh4 Qg6 16. Nge4 Be7 17. Qg4 f5 18. Qxg6 hxg6 19. Nd2 Kf7 20. Nc4 Bc5 21. Be3 Bxe3 22. Nxe3 Rh8 23. Kg1 Nf4 24. Nc4 Kf6 25. Rae1 Rae8 26. Na5 Ba8 27. Nc4 a6 28. Na4 g5 29. Nc5 Re7 30. Nxa6 g4 31. fxg4 Bxg2 32. Rxf4 exf4 33. Rxe7 Kxe7 34. Kxg2 fxg4 35. Nxc7 f3+ 36. Kg1 Rh5 37. Ne3 Kd7 38. Ncd5 Kd6 39. c4 Kc5 40. Nxg4 Rg5 41. Nde3 Kd4 42. Kf2 Kxd3 43. Kxf3 Ra5 44. a3 Ra7 45. Ne5+ Kd2 46. c5 Kc1 47. N3c4 Kc2 48. b4 Kc3 49. b5 Rc7 50. c6 Kd4 51. b6 Rc8 52. b7 Rf8+ 53. Kg3 1-0